10 najgęściej zaludnionych państwa świata - Statystyki

Ogólne statystyki
  • Ten quiz został rozwiązany 54 razy
  • Średni wynik to 5 z 10
Statystyki odpowiedzi
Hint Odpowiedź % Poprawnych
17 822 os./km2 Monako
85%
1 314 os./km2 Watykan
75%
968 os./km2 Bangladesz
73%
7 299 os./km2 Singapur
67%
1 326 os./km2 Malta
50%
641 os/km2 Cypr
35%
1 750 os./km2 Bahrajn
29%
1 091 os./km2 Malediwy
27%
631 os/km2 Mauritius
17%
644 os./km2 Barbados
15%
Nie znaleziono quizów pasujących do podanych kryteriów
Rozkład punktacji
Procent ludzi z każdym wynikiem
Percentyl według liczby udzielonych odpowiedzi
Twoja historia wyników
Nie rozwiązałeś tego quizu